1149 1390 1486 1041 1478 1912 1319 1130 1965 1029 1663 1774 1323 1796 1639 1375 1185 1919 1177 1139 1937 1569 1725 1584 1971 1168 1976 1183 1498 1133 1420 1925 1273 1277 1804 1104 1467 1996 1373 1883 1193 1978 1993 1467 1139 1627 1109 1165 1395 1833 1859 1939 1611 1518 1513 1328 1450 1875 1466 1934 1943 1166 1112 1434 1773 1706 1203 1957 1578 1799 1874 1797 1432 1767 1012 1504 1260 1007 1001 1880 1708 1405 1229 1726 1836 1898 1651 1033 1366 1981 1500 1334 1155 1132 1783 1931 1597 1401 1697 BCNSPRNW ULIB Ver.6.0+V

เปลี่ยนเป็นภาษาไทย

Change to English
 แสดงรายละเอียดบรรณานุกรม
  กลับหน้าหลัก

Brief Record : Get Marc (ISO 2709) : E-mail record : QR code < ปิดหน้าต่าง
LEADER : 00000nam 2200000uu 4500
001    13399127228
003     ULIB
008    200227s2562||||th 000 0 tha d
020    ^a9786161140564
060  0 ^aWY100^bน927
100 0  ^aธีรพร สถิรอังกูร, สมจิตต์ วงศ์สุวรรณสิริ และพัชรีย์กลัดจอมพงษ์ (บรรณาธิการ)
245 00 ^aแนวทางการจัดบริการพยาบาลผู้ป่วยระยะกลาง/^bธีรพร สถิรอังกูร, สมจิตต์ วงศ์สุวรรณสิริ และพัชรีย์กลัดจอมพงษ์ (บรรณาธิการ)
260    ^aนนทบุรี:^bกองการพยาบาล สำนักงานปลัดกระทรวง กระทรวงสาธารณสุข,^c2562
650  0 ^aการจัดบริการพยาบาล
650  0 ^aผู้ป่วยระยะกลาง
856    ^a^zสารบัญ^uhttps://drive.google.com/open?id=1y0hrZe9c5IpxNJ4zMv8jLimNTAlnxCsu
945    ^p0^l0^i006403
999    ^aประนอม เกษจรัล
รายการนี้ยังไม่มีแท็ก
คุณยังไม่ได้ล็อกอิน คุณสามารถมีกิจกรรมร่วมกับเว็บไซต์ได้ แต่ต้องล็อกอินก่อน ::
  ล็อกอิน

รายการสื่อสารสนเทศ

ลำดับที่ ประเภท เลขเรียก/บาร์โค้ด สถานที่ สถานะ
1. Book การพยาบาล
หนังสือสำรอง
สถานะ=หนังสือสำรอง
WY100 น927 ฉ.1 
  Barcode: 006403
ห้องสมุดวิทยาเขตสวรรค์ประชารักษ์
►หนังสือทั่วไป
ถูกยืม กำหนดส่งวันที่ 13 สิงหาคม 2566
  จอง

รายการใกล้เคียง
    ผู้แต่ง [ธีรพร สถิรอังกูร, สมจิตต์ วงศ์สุวรรณสิริ และพัชรีย์กลัดจอมพงษ์ (บรรณาธิการ)]

    หัวเรื่อง [การจัดบริการพยาบาล]
    หัวเรื่อง [ผู้ป่วยระยะกลาง]

BibComment


ยังไม่เคยถูกคอมเมนท์

คอมเมนท์ทรัพยากรรายการนี้
  คอมเมนท์: แนวทางการจัดบริก..


 Copyright 2026. Bcnsprnw @Library